Israel (Record no. 139330)

MARC details
000 -LÍDER
campo de controle de tamanho fixo 00544 a2200181 4500
001 - NÚMERO DE CONTROLE
campo de controle 139330
040 ## - FONTE DA CATALOGAÇÃO
Instituição que transcreveu o registro Leonardo Da Vinci
041 ## - CÓDIGO DE IDIOMA
Código do idioma do texto/trilha sonora ou título diferente Português
082 ## - CDD - CLASSIFICAÇÃO DECIMAL DE DEWEY
Número de Classificação 956.94 L645i
Número do exemplar L645i
100 ## - ENTRADA PRINCIPAL--NOME PESSOAL
Nome pessoal LEVIN, Meyer
245 ## - TÍTULO
Título Israel
Restante do título de Abraão a Dayan
260 ## - PUBLICAÇÃO, DISTRIBUIÇÃO, ETC.
Nome do editor, distribuidor, etc. Dinal
Data da publicação, distribuição, etc. 1967
Local de publicação, distribuição, etc. Rio de Janeiro
300 ## - DESCRIÇÃO FÍSICA
Extensão 235
362 ## - DATAS DE PUBLICAÇÃO E/OU DESIGNAÇÃO SEQUENCIAL
Datas de publicação e/ou designação sequencial 19670000
500 ## - NOTA GERAL
Nota geral Leda Maria Miranda (Tradução)
697 ## - ENTRADA DE ASSUNTO LOCAL--ENTIDADE COLETIVA (RLIN)
Nome corporativo ou nome da jurisdição História de Isrel
-- História
-- Israel
-- Oriente Médio
-- Religião
-- Cultura
-- Rothschild
-- Chalutzim
-- Kibbutzim
-- Guerra
-- Judaísmo
942 ## - ELEMENTOS DE ENTRADA ADICIONADOS (KOHA)
Tipo de material Koha Livros
Holdings
Situação do descarte Situação das perdas Situação física Não pode ser emprestado Biblioteca de origem Biblioteca atual Data de aquisição Total de empréstimos Número de chamada completo Código de barras Data de último acesso Data do preço efetivo Tipo de material Koha
        Leonardo Da Vinci - Osasco Leonardo Da Vinci - Osasco 27/03/2024   956.94 L645i O000541 27/03/2024 27/03/2024 Livros